000
00307nam a2200133Ia 4500
008
151001s9999||||xx |||||||||||||| ||und||
100
_a
गिरीजा कीर
245
_a
गिरकी
250
_a
1
260
_b
हेमचंद्र
260
_c
1977
300
_a
172
365
_b
18
999
_c
959583
_d
959580